[Event "Zaporozhye Ermak Cup 6th"]
[Site "Zaporozhye"]
[Date "2010.06.27"]
[Round "7"]
[White "Iakymov, Volodymyr"]
[Black "Goreskul, Alyona"]
[Result "1-0"]
[WhiteElo "2476"]
[BlackElo "2228"]
[PlyCount "87"]
[EventDate "2010.06.23"]
[EventType "swiss"]
[EventRounds "9"]
[EventCountry "UKR"]
[SourceTitle "CBM 137 Extra"]
[Source "ChessBase"]
[SourceDate "2010.09.01"]
[SourceVersion "1"]
[SourceVersionDate "2010.09.01"]
[SourceQuality "1"]

1. e4 e5 2. Bc4 Nf6 3. d4 exd4 4. Nf3 Nc6 5. e5 d5 6. Bb5 Ne4 7. Nxd4 Bd7 8. Bxc6 bxc6 9. 0-0 Bc5 10. f3 Ng5 11. Be3 0-0 12. f4 Ne4 13. Nd2 Qe7 14. Nxe4 dxe4 15. Qe2 Bb6 16. Nb3 f5 17. c4 Bxe3+ 18. Qxe3 a5 19. Qc5 Kf7 20. Rfd1 Rfd8 21. Qxe7+ Kxe7 22. Nc5 Be6 23. b3 Bf7 24. Kf2 Bh5 25. Rxd8 Rxd8 26. Ke3 Bd1 27. Rb1 h5 28. Rb2 h4 29. Rd2 Rxd2 30. Kxd2 Bh5 31. Nb7 g5 32. g3 hxg3 33. hxg3 gxf4 34. gxf4 Kd7 35. Nxa5 c5 36. a3 Bg6 37. Kc3 Bh5 38. b4 cxb4+ 39. axb4 Bg6 40. Nb3 Bh5 41. Nd4 Bg4 42. b5 Ke7 43. c5 Kd7 44. Kd2 1-0

[Event "UKR-chT 17th"]
[Site "Alushta"]
[Date "2010.05.16"]
[Round "5.2"]
[White "Iakymov, Volodymyr"]
[Black "Kostromin, Mikhail"]
[Result "0-1"]
[WhiteElo "2476"]
[BlackElo "2371"]
[PlyCount "80"]
[EventDate "2010.05.13"]
[EventType "team-tourn"]
[EventRounds "11"]
[EventCountry "UKR"]
[SourceTitle "EXT 2019"]
[Source "ChessBase"]
[SourceDate "2018.10.10"]
[SourceVersion "1"]
[SourceVersionDate "2018.10.10"]
[SourceQuality "1"]
[WhiteTeam "Rivne Bisons"]
[BlackTeam "Luhansk LugPokerChess"]
[WhiteTeamCountry "UKR"]
[BlackTeamCountry "UKR"]

1. e4 c5 2. c3 Nf6 3. e5 Nd5 4. d4 cxd4 5. Nf3 Nc6 6. cxd4 d6 7. Bc4 Nb6 8. Bb5 dxe5 9. Nxe5 Bd7 10. Nxd7 Qxd7 11. 0-0 Rd8 12. a4 a6 13. Bxc6 Qxc6 14. Nc3 e6 15. Bg5 f6 16. Be3 Be7 17. Qb3 Nd5 18. Rfc1 Qb6 19. Qc4 Kf7 20. a5 Qxb2 21. Rab1 Nxe3 22. fxe3 Qd2 23. Qb3 Rc8 24. d5 Qxe3+ 25. Kh1 Rhd8 26. dxe6+ Kf8 27. Rc2 Rc7 28. Rbc1 Rdc8 29. h3 Bd6 30. Rd1 Rxc3 31. Qxb7 Qxe6 32. Rxc3 Rxc3 33. Qxa6 Ke7 34. Qb7+ Rc7 35. Qb1 Kf7 36. Re1 Qd5 37. a6 Rc3 38. Qxh7 Re3 39. Rb1 Re2 40. Rg1 Qe5 0-1

[Event "UKR-chT 17th"]
[Site "Alushta"]
[Date "2010.05.16"]
[Round "6.2"]
[White "Opryshko, Stanislav"]
[Black "Iakymov, Volodymyr"]
[Result "0-1"]
[WhiteElo "2237"]
[BlackElo "2476"]
[PlyCount "62"]
[EventDate "2010.05.13"]
[EventType "team-tourn"]
[EventRounds "11"]
[EventCountry "UKR"]
[SourceTitle "EXT 2019"]
[Source "ChessBase"]
[SourceDate "2018.10.10"]
[SourceVersion "1"]
[SourceVersionDate "2018.10.10"]
[SourceQuality "1"]
[WhiteTeam "Cherkasy Etiud"]
[BlackTeam "Rivne Bisons"]
[WhiteTeamCountry "UKR"]
[BlackTeamCountry "UKR"]

1. d4 d5 2. c4 e6 3. Nf3 Nc6 4. Nc3 Bb4 5. Bg5 Nf6 6. e3 h6 7. Bh4 g5 8. Bg3 Ne4 9. Qc2 h5 10. Ne5 h4 11. Nxc6 bxc6 12. Be5 f6 13. f3 Nxc3 14. bxc3 Be7 15. Qg6+ Kf8 16. f4 fxe5 17. fxe5 Qe8 18. Qc2 Ba6 19. cxd5 Bc8 20. dxe6 Bxe6 21. Bd3 Kg7 22. 0-0 h3 23. g3 c5 24. c4 cxd4 25. exd4 Rd8 26. d5 Bc5+ 27. Kh1 Rxd5 28. Rf6 Rxd3 29. Qxd3 Qc6+ 30. Qf3 Qxf3+ 31. Rxf3 Rd8 0-1

[Event "UKR-chT 17th"]
[Site "Alushta"]
[Date "2010.05.15"]
[Round "4.3"]
[White "Polivanov, Anatoliy"]
[Black "Iakymov, Volodymyr"]
[Result "1/2-1/2"]
[WhiteElo "2381"]
[BlackElo "2476"]
[PlyCount "93"]
[EventDate "2010.05.13"]
[EventType "team-tourn"]
[EventRounds "11"]
[EventCountry "UKR"]
[SourceTitle "EXT 2019"]
[Source "ChessBase"]
[SourceDate "2018.10.10"]
[SourceVersion "1"]
[SourceVersionDate "2018.10.10"]
[SourceQuality "1"]
[WhiteTeam "Donetsk Adel"]
[BlackTeam "Rivne Bisons"]
[WhiteTeamCountry "UKR"]
[BlackTeamCountry "UKR"]

1. e4 e5 2. Nf3 Nc6 3. Nc3 Nf6 4. g3 d5 5. exd5 Nxd5 6. Bg2 Nxc3 7. bxc3 Bc5 8. 0-0 0-0 9. Re1 Re8 10. d3 Bg4 11. h3 Bh5 12. g4 Bg6 13. Bg5 f6 14. Be3 Bxe3 15. Rxe3 Ne7 16. c4 c6 17. d4 exd4 18. Qxd4 Qxd4 19. Nxd4 Bf7 20. Rb1 Rab8 21. Rxe7 Rxe7 22. Nxc6 Re1+ 23. Rxe1 bxc6 24. Re7 Rb1+ 25. Kh2 Bxc4 26. Rxa7 Rb2 27. Be4 Bd5 28. Ra8+ Kf7 29. Bxh7 Ke7 30. Ra7+ Kf8 31. a4 g5 32. Kg3 Ra2 33. Bd3 Ra3 34. f3 c5 35. Ra5 Rc3 36. h4 gxh4+ 37. Kxh4 Bxf3 38. Ra7 Bd1 39. Rc7 Bxc2 40. Bxc2 Rxc2 41. a5 Ra2 42. Rxc5 Kg7 43. Kg3 Kg6 44. Kf3 Ra4 45. Rb5 Kh6 46. Rc5 Kg6 47. Rb5 1/2-1/2

[Event "UKR-ch"]
[Site "Alushta"]
[Date "2010.05.10"]
[Round "8"]
[White "Iakymov, Volodymyr"]
[Black "Pavlov, Sergey1"]
[Result "1/2-1/2"]
[WhiteElo "2476"]
[BlackElo "2508"]
[PlyCount "136"]
[EventDate "2010.05.03"]
[EventType "swiss"]
[EventRounds "9"]
[EventCountry "UKR"]
[SourceTitle "CBM 136 Extra"]
[Source "ChessBase"]
[SourceDate "2010.07.02"]
[SourceVersion "2"]
[SourceVersionDate "2010.07.15"]
[SourceQuality "1"]

1. e4 c5 2. c3 Nf6 3. e5 Nd5 4. d4 cxd4 5. Nf3 e6 6. cxd4 b6 7. Bd3 Bb7 8. Nc3 Nxc3 9. bxc3 Qc7 10. Bd2 d6 11. 0-0 Nd7 12. Bf4 Be7 13. Re1 0-0 14. Rc1 Rac8 15. Qc2 g6 16. Qe2 Rfe8 17. Ng5 dxe5 18. dxe5 Nc5 19. Bb1 Bf8 20. Qg4 h6 21. Nxf7 Qxf7 22. Bxg6 Qg7 23. Bxh6 Qxh6 24. Bxe8+ Bg7 25. Bg6 Rf8 26. Rcd1 Qf4 27. Qxf4 Rxf4 28. Rd4 Bh6 29. Red1 b5 30. Bc2 Bd5 31. a3 a5 32. h4 Rxd4 33. Rxd4 Nd7 34. Bd3 Bc6 35. Rg4+ Kf7 36. f4 Nc5 37. Bg6+ Ke7 38. f5 exf5 39. Bxf5 Bd7 40. Bxd7 Nxd7 41. Re4 Ke6 42. Re1 Bf8 43. h5 Bxa3 44. h6 Nf8 45. Rb1 b4 46. cxb4 Bxb4 47. Rc1 a4 48. Rc4 Bd2 49. Rxa4 Kxe5 50. Ra6 Kf5 51. Kf2 Kg5 52. Kf3 Ng6 53. h7 Bc3 54. Ke4 Bh8 55. Ra7 Bc3 56. Ra3 Bh8 57. Rh3 Kf6 58. g4 Nf8 59. Rh1 Kg6 60. g5 Kxg5 61. Rg1+ Kh6 62. Rg8 Ng6 63. Kf5 Ne7+ 64. Ke6 Kxh7 65. Rg1 Ng6 66. Rh1+ Kg7 67. Kf5 Nf8 68. Rxh8 Kxh8 1/2-1/2